00898naa#a2200205#i#4500001001600000005001700016011001400033100004100047102000700088200015000095210016900245215001100414608004500425675004900470700003900519700004100558700003500599700003700634856002100671RU\\bibl\11906420260416095200.4##a2222-7962##a20260330b2026####ek#y0rusy0150####ca##aRU1#aАнализ региональных кривых роста Picea obovata Ledeb. на Южном УралеeЖурнальная статья1#aВоронежcВоронежский государственный лесотехнический университет имени Г.Ф. Морозоваd2026##a18 с.##aЖурнальная статья2local##aЛесное хозяйство. 338.439.223#1aЛожкинgГригорий И.#1aГригорьевgАндрей А.#1aВьюхинgСергей О.#1aЧижиковаgНелли А.4#aanni.editorum.ru